| 000 | 00901nam a2200289 i 4500 | ||
|---|---|---|---|
| 001 | 000021199 | ||
| 003 | DO-SdBNP | ||
| 005 | 20240918144705.0 | ||
| 007 | ta | ||
| 008 | 100902s1997 dr 000 0 spa d | ||
| 040 |
_aDO-SdBNP _bspa _cBNPHU _erda |
||
| 049 | _aBNPD | ||
| 082 | 4 |
_bR426c _222 |
|
| 110 | 1 |
_aRepública Dominicana _9447 |
|
| 240 | 1 | 3 | _a[ Leyes, etc.] |
| 245 | 1 | 0 |
_aCódigo penal de la República Dominicana : _bmodificado por Ley 24-97 |
| 264 | 4 |
_aSanto Domingo : _beditor no identificado, _c1997. |
|
| 300 |
_a188 páginas ; _c21 cm. |
||
| 336 |
_atexto _btxt _2rdacontent |
||
| 337 |
_asin mediación _bn _2rdamedia |
||
| 338 |
_avolumen _bnc _2rdacarrier |
||
| 500 | _aIncluye índice alfabético y de materias | ||
| 500 | _aIncluye referencias bibliográficas y notas al pie de las páginas | ||
| 590 | _aInventariado, 2024/BT | ||
| 910 | _aBtavárez | ||
| 942 |
_2ddc _cLBS1 |
||
| 999 |
_c20700 _d20700 |
||